Understanding the discrete element method : (Record no. 601169)

000 -LEADER
fixed length control field 00298nam a2200109Ia 4500
008 - FIXED-LENGTH DATA ELEMENTS--GENERAL INFORMATION
fixed length control field 230907s9999||||xx |||||||||||||| ||und||
082 ## - DEWEY DECIMAL CLASSIFICATION NUMBER
Classification number 531.163
Author Mark MAT
100 ## - MAIN ENTRY--PERSONAL NAME
Personal name Matuttis, Hans-Georg,
9 (RLIN) 116138
245 #0 - TITLE STATEMENT
Title Understanding the discrete element method :
300 ## - PHYSICAL DESCRIPTION
Extent xxii, 456 pages :
942 ## - ADDED ENTRY ELEMENTS (KOHA)
Koha item type Book
Holdings
Withdrawn status Lost status Damaged status Not for loan Permanent Location Current Location Date acquired Total Checkouts Full call number Barcode Date last seen Price effective from Koha item type
        US-Pakistan Center for Advanced Studies in Energy (USPCAS-E) US-Pakistan Center for Advanced Studies in Energy (USPCAS-E) 11/20/2019   531.163 MAT CAS-E0005268 09/12/2023 09/12/2023 Book
© 2023 Central Library, National University of Sciences and Technology. All Rights Reserved.